| 000 | 006010000a22001810004500 | ||
|---|---|---|---|
| 003 | MACL | ||
| 005 | 20210928154337.0 | ||
| 008 | 160522b xxu||||| |||| 00| 0 eng d | ||
| 040 | _cMACL | ||
| 041 | _aHindi | ||
| 082 | _a891.433/ PAT/S | ||
| 100 |
_aपटनायक, अजय कुमार _958650 |
||
| 245 |
_aउत्कल की श्रेष्ठ कहानियॉ _cअजय कुमार पटनायक |
||
| 260 |
_bशबनम पुस्तक महल _c1999 _aकटक |
||
| 350 | _a120 | ||
| 650 |
_aStory _958651 |
||
| 942 |
_cHIN _k800/PAT/S _2ddc |
||
| 999 |
_c17975 _d17975 |
||